[Event "POL-chT U19 2nd League"]
[Site "Borowice"]
[Date "2012.07.23"]
[Round "3"]
[White "Janulek, Dawid"]
[Black "Staron, Piotr"]
[Result "1/2-1/2"]
[WhiteElo "1777"]
[BlackElo "1637"]
[PlyCount "104"]
[EventDate "2012.07.21"]
[EventType "team-swiss"]
[EventRounds "11"]
[EventCountry "POL"]
[SourceTitle "EXT 2014"]
[Source "ChessBase"]
[SourceDate "2013.11.20"]
[SourceVersion "1"]
[SourceVersionDate "2013.11.20"]
[SourceQuality "1"]
[WhiteTeam "Pszczyna PSSz U19"]
[BlackTeam "Krakow KKSz U19 II"]
[WhiteTeamCountry "POL"]
[BlackTeamCountry "POL"]

1. d4 Nf6 2. Nc3 b6 3. e4 Bb7 4. Bd3 e6 5. Nf3 Bb4 6. Qe2 d5 7. e5 Ne4 8. Bd2 Nxd2 9. Qxd2 c5 10. a3 Ba5 11. Rb1 Nc6 12. Bb5 Qe7 13. 0-0 0-0 14. Qe3 Nxd4 15. Nxd4 cxd4 16. Qxd4 Bxc3 17. Qxc3 Rac8 18. Qh3 g6 19. Bd3 b5 20. c3 d4 21. cxd4 Rfd8 22. Qe3 Qd7 23. Rfd1 Qxd4 24. Qxd4 Rxd4 25. Bxb5 Rxd1+ 26. Rxd1 Rc5 27. Bd3 Rxe5 28. f3 Rc5 29. Kf2 Kf8 30. Ke3 Ke7 31. Kd4 Rd5+ 32. Kc3 h5 33. b4 Rg5 34. Rd2 h4 35. h3 Re5 36. Be2 Re3+ 37. Bd3 Re1 38. a4 Bd5 39. Rc2 Kd6 40. Bc4 Rd1 41. Bxd5 Rxd5 42. Kc4 a6 43. Re2 e5 44. Re4 g5 45. b5 axb5+ 46. axb5 Rd2 47. Rg4 f6 48. Kc3 Rd1 49. Kb4 Rb1+ 50. Kc4 Rc1+ 51. Kb4 Rb1+ 52. Kc4 Rc1+ 1/2-1/2

[Event "Klementowice op 2nd"]
[Site "Klementowice"]
[Date "2011.08.20"]
[Round "9"]
[White "Staron, Piotr"]
[Black "Turowski, Piotr"]
[Result "1-0"]
[WhiteElo "1610"]
[BlackElo "2040"]
[PlyCount "59"]
[EventDate "2011.08.14"]
[EventType "swiss"]
[EventRounds "9"]
[EventCountry "POL"]
[SourceTitle "CBM 144 Extra"]
[Source "ChessBase"]
[SourceDate "2011.10.28"]
[SourceVersion "1"]
[SourceVersionDate "2011.10.28"]
[SourceQuality "1"]

1. c4 e6 2. Nf3 b6 3. Nc3 Bb7 4. d4 Nf6 5. a3 Be7 6. Bf4 0-0 7. e3 d5 8. b4 c5 9. Qb3 cxb4 10. axb4 dxc4 11. Bxc4 Nc6 12. 0-0 Nxb4 13. Nb5 a6 14. Nc7 Ra7 15. Bxe6 fxe6 16. Qxe6+ Kh8 17. Qxb6 Bxf3 18. Qxa7 Bc6 19. f3 Qd7 20. Rxa6 Nxa6 21. Qxa6 Rc8 22. Rb1 h6 23. Rb6 Bd5 24. Nxd5 Nxd5 25. Rxh6+ Kg8 26. Qe6+ Qxe6 27. Rxe6 Kf7 28. Re5 Nc3 29. Kf2 Rb8 30. Rxe7+ 1-0

[Event "Klementowice op 2nd"]
[Site "Klementowice"]
[Date "2011.08.19"]
[Round "7"]
[White "Staron, Piotr"]
[Black "Fraczek, Dariusz"]
[Result "1/2-1/2"]
[WhiteElo "1610"]
[BlackElo "2261"]
[PlyCount "101"]
[EventDate "2011.08.14"]
[EventType "swiss"]
[EventRounds "9"]
[EventCountry "POL"]
[SourceTitle "CBM 144 Extra"]
[Source "ChessBase"]
[SourceDate "2011.10.28"]
[SourceVersion "1"]
[SourceVersionDate "2011.10.28"]
[SourceQuality "1"]

1. c4 Nf6 2. Nc3 g6 3. Nf3 Bg7 4. e4 d6 5. d4 0-0 6. Be2 e5 7. 0-0 Nc6 8. d5 Ne7 9. h3 Nh5 10. Ne1 Nf4 11. Nd3 Nxd3 12. Qxd3 f5 13. b4 a5 14. c5 axb4 15. cxd6 cxd6 16. Nb5 fxe4 17. Qxe4 b3 18. Ba3 Rxa3 19. Nxa3 b2 20. Rad1 Bh6 21. Qb4 Bc1 22. Nc4 Rf4 23. Qb3 Bxh3 24. gxh3 Nf5 25. Nxb2 Qg5+ 26. Kh1 Be3 27. fxe3 Rh4 28. Rf3 e4 29. Rg1 Qh5 30. Rf2 Rxh3+ 31. Kg2 Rg3+ 32. Kf1 Nxe3+ 33. Ke1 Rxg1+ 34. Kd2 Qe5 35. Qb6 Qxd5+ 36. Kxe3 Rg3+ 37. Bf3 Rxf3+ 38. Rxf3 exf3 39. Qd8+ Kf7 40. Qd7+ Kf6 41. Qd8+ Kf5 42. Qf8+ Kg5 43. Qf4+ Kh5 44. Nc4 Qe6+ 45. Kxf3 Qd5+ 46. Kg3 Qd3+ 47. Ne3 g5 48. Qf7+ Kh6 49. Qf6+ Kh5 50. Qf7+ Kh6 51. Qf6+ 1/2-1/2

[Event "Klementowice op 2nd"]
[Site "Klementowice"]
[Date "2011.08.16"]
[Round "3"]
[White "Kapcia, Marcin"]
[Black "Staron, Piotr"]
[Result "1-0"]
[WhiteElo "1550"]
[BlackElo "1610"]
[PlyCount "55"]
[EventDate "2011.08.14"]
[EventType "swiss"]
[EventRounds "9"]
[EventCountry "POL"]
[SourceTitle "CBM 144 Extra"]
[Source "ChessBase"]
[SourceDate "2011.10.28"]
[SourceVersion "1"]
[SourceVersionDate "2011.10.28"]
[SourceQuality "1"]

1. e4 c5 2. Nf3 d6 3. d4 cxd4 4. Nxd4 Nf6 5. Nc3 g6 6. Be3 Bg7 7. Qd2 0-0 8. f3 Nc6 9. Nb3 Bd7 10. Bh6 a6 11. g4 Ne5 12. Be2 Rc8 13. h4 Nc4 14. Bxc4 Rxc4 15. h5 b5 16. hxg6 fxg6 17. Bxg7 Kxg7 18. Qh6+ Kg8 19. g5 Nh5 20. 0-0-0 Rxf3 21. Nd2 Rcxc3 22. bxc3 Rxc3 23. Rxh5 gxh5 24. g6 Be6 25. Qxh7+ Kf8 26. Qh8+ Bg8 27. Rf1+ Ke8 28. Qxc3 1-0

[Event "World School-ch U17 7th"]
[Site "Krakow"]
[Date "2011.05.08"]
[Round "9"]
[White "Staron, Piotr"]
[Black "Jayasundara, PK Udith Madusank"]
[Result "0-1"]
[WhiteElo "1589"]
[BlackElo "1951"]
[PlyCount "58"]
[EventDate "2011.04.30"]
[EventType "swiss"]
[EventRounds "9"]
[EventCountry "POL"]
[SourceTitle "EXT 2012"]
[Source "ChessBase"]
[SourceDate "2011.11.24"]
[SourceVersion "1"]
[SourceVersionDate "2011.11.24"]
[SourceQuality "1"]

1. d4 d5 2. c4 e5 3. dxe5 d4 4. Nf3 Nc6 5. a3 a5 6. g3 Nge7 7. Bg2 Ng6 8. Qa4 Bd7 9. Qb3 Rb8 10. Ng5 Ngxe5 11. f4 h6 12. Ne4 Ng4 13. h3 Nf6 14. Nbd2 Be7 15. Nxf6+ Bxf6 16. 0-0 0-0 17. f5 Ne5 18. Ne4 Bc6 19. Bf4 Re8 20. Rad1 Qe7 21. Nxf6+ Qxf6 22. Bxc6 bxc6 23. Qc2 c5 24. Bd2 d3 25. exd3 Rxb2 26. Qa4 Nc6 27. Be1 Qd4+ 28. Bf2 Ree2 29. Qxc6 Rxf2 0-1

[Event "World School-ch U17 7th"]
[Site "Krakow"]
[Date "2011.05.06"]
[Round "6"]
[White "Igambergenov, Alibek"]
[Black "Staron, Piotr"]
[Result "1-0"]
[WhiteElo "2255"]
[BlackElo "1589"]
[PlyCount "56"]
[EventDate "2011.04.30"]
[EventType "swiss"]
[EventRounds "9"]
[EventCountry "POL"]
[SourceTitle "EXT 2012"]
[Source "ChessBase"]
[SourceDate "2011.11.24"]
[SourceVersion "1"]
[SourceVersionDate "2011.11.24"]
[SourceQuality "1"]

1. d4 d5 2. c4 e6 3. Nc3 Nf6 4. cxd5 exd5 5. Bg5 Nbd7 6. e3 Be7 7. Bd3 0-0 8. Nge2 c6 9. Qc2 h6 10. Bh4 Ng4 11. Bg3 Bh4 12. 0-0 Bxg3 13. hxg3 Qg5 14. Nf4 Ndf6 15. Rfe1 Re8 16. Nd1 Nh5 17. Nh3 Qf6 18. f3 Nxe3 19. Nxe3 Bxh3 20. gxh3 Qxf3 21. Qf2 Qxg3+ 22. Qxg3 Nxg3 23. Kg2 Ne4 24. Nf5 Re6 25. Bxe4 dxe4 26. Re3 g6 27. Nxh6+ Kh7 28. Kg3 Kh8 1-0

[Event "Klementowice Gr-A 1st"]
[Site "Klementowice"]
[Date "2010.08.29"]
[Round "9.4"]
[White "Staron, Piotr"]
[Black "Gula, Andrzej"]
[Result "0-1"]
[WhiteElo "1567"]
[BlackElo "1983"]
[PlyCount "122"]
[EventDate "2010.08.23"]
[EventType "swiss"]
[EventRounds "9"]
[EventCountry "POL"]
[SourceTitle "EXT 2023"]
[Source "ChessBase"]
[SourceDate "2022.10.05"]
[SourceVersion "1"]
[SourceVersionDate "2022.10.05"]
[SourceQuality "1"]

1. c4 e5 2. Nc3 Nc6 3. g3 Nf6 4. Bg2 Bb4 5. Nd5 Bc5 6. a3 a5 7. b3 d6 8. e3 0-0 9. d3 Nxd5 10. Bxd5 Ne7 11. Bg2 c6 12. Bb2 Re8 13. Qc2 Bg4 14. Ne2 Nf5 15. h3 Bxe2 16. Qxe2 Qb6 17. e4 Nd4 18. Bxd4 Bxd4 19. Rb1 Bc3+ 20. Kf1 Qc5 21. a4 Re6 22. h4 Rf6 23. Bh3 Ra6 24. Kg2 Rb6 25. Bf5 g6 26. Bd7 Bd4 27. f3 Qa3 28. Qc2 h5 29. g4 Be3 30. gxh5 gxh5 31. Bf5 Kf8 32. Qc3 Qc5 33. Qe1 Rh6 34. Kh3 Rh8 35. Rh2 Rg8 36. Rg2 Rxg2 37. Kxg2 Bf4 38. Qe2 Qe3 39. Qxe3 Bxe3 40. Bc8 Rb4 41. Kf1 Ke7 42. Ke2 Bf4 43. Kd1 b5 44. axb5 cxb5 45. cxb5 Rxb5 46. Ra1 Rxb3 47. Ba6 Rb2 48. Rxa5 Bd2 49. Ra4 Be3 50. Bc4 Rd2+ 51. Ke1 Rh2 52. Ra2 Rxh4 53. Rg2 Bh6 54. Kf2 Kf8 55. Rg3 Bf4 56. Rg2 Rh1 57. d4 h4 58. Rg4 h3 59. Bf1 h2 60. dxe5 Rxf1+ 61. Kxf1 h1Q+ 0-1

[Event "Klementowice Gr-A 1st"]
[Site "Klementowice"]
[Date "2010.08.26"]
[Round "4.13"]
[White "Staron, Piotr"]
[Black "Lankof, Piotr"]
[Result "1/2-1/2"]
[WhiteElo "1567"]
[BlackElo "1486"]
[PlyCount "82"]
[EventDate "2010.08.23"]
[EventType "swiss"]
[EventRounds "9"]
[EventCountry "POL"]
[SourceTitle "EXT 2023"]
[Source "ChessBase"]
[SourceDate "2022.10.05"]
[SourceVersion "1"]
[SourceVersionDate "2022.10.05"]
[SourceQuality "1"]

1. c4 e5 2. g3 Nf6 3. Bg2 Bc5 4. a3 d5 5. cxd5 Nxd5 6. Nf3 Nc6 7. b4 Bd6 8. Bb2 a6 9. 0-0 0-0 10. Qc2 f5 11. Nc3 Be6 12. Ng5 Ndxb4 13. Nxe6 Nxc2 14. Nxd8 Raxd8 15. Ra2 N2d4 16. e3 Ne6 17. Rc1 Rfe8 18. Ne2 e4 19. f3 Nc5 20. fxe4 Nxe4 21. d3 Nc5 22. Bxc6 bxc6 23. d4 Nd3 24. Rxc6 Nxb2 25. Rxb2 Rxe3 26. a4 a5 27. Kf2 Ra3 28. Rc4 Rd7 29. Rb5 Bb4 30. Rxf5 Rxa4 31. Nc3 Ra1 32. Nd5 Bd6 33. Nc3 Rf7 34. Rxf7 Kxf7 35. Ra4 Rxa4 36. Nxa4 Ke6 37. Ke3 Kd5 38. Kd3 c5 39. Nc3+ Ke6 40. d5+ Ke5 41. Kc4 Be7 1/2-1/2